000 00343nam a2200133 i 4500
001 bg
100 1 _aKitajgorodskij, Aleksandr Isaakovič
_d(1914- ).
245 _aKryształy molekularne /
_cA.I. Kitajgorodskij.
260 _aWarszawa,
_c1976.
040 _cBPK
041 _apol
942 _cKS
008 s pl f |000 0 pol
999 _c17195
_d17195
856 _uhttp://koha.tu.koszalin.pl/cgi-bin/koha/opac-detail.pl?biblionumber=17195
_yKatalog online BPK